1108 1363 1570 1283 1072 1591 1481 1966 1426 1209 1411 1864 1765 1473 1646 1300 1172 1498 1713 1653 1208 1061 1383 1348 1414 1271 1984 1838 1202 1287 1399 1602 1249 1314 1881 1746 1210 1779 1834 1404 1685 1072 1809 1416 1221 1858 1290 1191 1559 1500 1472 1528 1053 1276 1434 1135 1355 1788 1118 1173 1908 1960 1491 1736 1657 1489 1482 1812 1324 1424 1769 1877 1769 1286 1869 1227 1491 1973 1338 1032 1945 1123 1539 1964 1022 1621 1949 1914 1162 1604 1660 1807 1018 1133 1489 1351 1687 1861 1408 BCNSPRNW ULIB Ver.6.0+V

เปลี่ยนเป็นภาษาไทย

Change to English
 แสดงรายละเอียดบรรณานุกรม
  กลับหน้าหลัก

Brief Record : Get Marc (ISO 2709) : E-mail record : QR code < ปิดหน้าต่าง
LEADER : 00000nam 2200000uu 4500
001    13399120693
003     ULIB
008    121004s2542||||th 000 0 tha d
020    ^a9748317005
060  4 ^aWT120^bบ194ผ 2542
100 0  ^aบรรลุ ศิริพานิช
245 00 ^aผู้สูงอายุไทย/^cบรรลุ ศิริพานิช
250    ^aพิมพ์ครั้งที่ 1
260    ^aกรุงเทพฯ:^bหมอชาวบ้าน,^c2542
650  7 ^aผู้สูงอายุ^xสรีรวิทยา
650  7 ^aผู้สูงอายุ^xสุขภาพ
650  7 ^aผู้สูงอายุ^xคำนิยาม
650  7 ^aผู้สูงอายุ^xความก้าวหน้าทางวิทยาศาสตร์
945    ^p0^l0^i014363
995    ^aกัณชพร
999 ^a ใช้งานได้ทุกระบบ
รายการนี้ยังไม่มีแท็ก
คุณยังไม่ได้ล็อกอิน คุณสามารถมีกิจกรรมร่วมกับเว็บไซต์ได้ แต่ต้องล็อกอินก่อน ::
  ล็อกอิน

รายการสื่อสารสนเทศ

ลำดับที่ ประเภท เลขเรียก/บาร์โค้ด สถานที่ สถานะ
1. หนังสือสำรอง
หนังสือสำรอง
WT120 บ194ผ 2542  
  Barcode: 014363
ห้องสมุดวิทยาเขตสวรรค์ประชารักษ์
►หนังสือทั่วไป
บนชั้น

รายการใกล้เคียง
    ผู้แต่ง [บรรลุ ศิริพานิช]

BibComment


ยังไม่เคยถูกคอมเมนท์

คอมเมนท์ทรัพยากรรายการนี้
  คอมเมนท์: ผู้สูงอายุไทย บร..


 Copyright 2026. Bcnsprnw @Library